000 01025nam2a22002531 4500
001 RU\NLR\INFOCOMM7\5000016599
005 20041203155514.8
035 _a(NLR Aleph) 002370844
090 _a4571677
_c4571677
100 _a20041202d1981 |||y0rusy50 ca
101 0 _arus
102 _aRU
105 _ay ||||000|y
200 1 _aПовышение эффективности монтажа зданий
_eОтеч. опыт
_fМ.Я. Егнус и др.
210 _d1981
461 0 _1001RU\NLR\INFOCOMM7\5000016534
_12001#$aСтроительство и архитектура$eОбзор. информ.$iИнформационное обеспечение общесоюзных научно-технических программ$fВНИИ информ. по стр-ву и архитектуре$v1981, Вып.1
700 1 _aЕгнус
_bМ. Я.
_4070
801 0 _aRU
_bNLR
_gPSBO
801 1 _aRU
_bInfoComm
_c20041203
852 _aNLR
_jП22/4801
942 _cISSUE
980 _aNB
980 _aRUSPER